Normal view
MARC view
Entry Topical Term
001 - CONTROL NUMBER
- control field: 5312
003 - CONTROL NUMBER IDENTIFIER
- control field: ARRUPE
005 - DATE AND TIME OF LATEST TRANSACTION
- control field: 20131206123702.0
008 - FIXED-LENGTH DATA ELEMENTS
- fixed length control field: 131206|| aca||aabn | a|a d
040 ## - CATALOGING SOURCE
- Original cataloging agency: ARRUPE
- Transcribing agency: ARRUPE
150 ## - HEADING--TOPICAL TERM
- Topical term or geographic name as entry element: Poverty.
670 ## - SOURCE DATA FOUND
- Source citation: Work cat.: (ARRUPE)0: Ryan, Thomas Joseph, 1935- 5310, Critical History and Biblical Faith New Testament Perspectives:, [1979]